000 00771nam a22002417a 4500
005 20250411160739.0
008 250411b |||||||| |||| 00| 0 eng d
020 _a978-1-032-84333-9
037 _cTB
040 _aCRL
_cCRL
041 _2eng
_aeng
084 _aMY:(S) R4
_qCRL
100 _aMangal, S. K.
_9734802
245 _aSports psychology:
_bConcepts and applications
260 _aLondon, UK:
_bRoutledge,
_c2024.
300 _axv, 436p.
365 _b995.00
_cINR
650 _aIndustrial Arts
650 _aPsychology
700 _aMangal, Shubhra (Author)
_9734803
942 _2CC
_cTB
_hMY:(S) R4
_n0
999 _c1308903
_d1308903